Southville International School and Colleges
Your cart is empty.
  • Cart
  • Lists
    Public lists Eva Luna New books Lux_list list_1
    Your lists Log in to create your own lists
  • Log in to your account
  • Your cookies
  • Search history
Southville International School and Colleges
  • Advanced search
  • Recent comments
  • Most popular
  • Libraries

Log in to your account

Log in with GOOGLE


If you do not have an external account, but do have a local account, you can still log in:

  1. Home
  2. MARC view: Crocodile and the dentist (the) /
Normal view MARC view ISBD view

Crocodile and the dentist (the) / (Record no. 105145)

[ view plain ]
MARC details
000 -LEADER
fixed length control field 00636nam a2200193 a 4500
005 - DATE AND TIME OF LATEST TRANSACTION
control field 20140412111342.0
008 - FIXED-LENGTH DATA ELEMENTS--GENERAL INFORMATION
fixed length control field 040114s19uu xx 00 eng d
020 ## - INTERNATIONAL STANDARD BOOK NUMBER
International Standard Book Number 0-590-67731-4
050 ## - LIBRARY OF CONGRESS CALL NUMBER
Classification number TR(PS E
Item number Cr87 1984
100 ## - MAIN ENTRY--PERSONAL NAME
Personal name Gomi, Taro
245 ## - TITLE STATEMENT
Title Crocodile and the dentist (the) /
Statement of responsibility, etc by Taro Gomi.
260 ## - PUBLICATION, DISTRIBUTION, ETC. (IMPRINT)
Place of publication, distribution, etc New York :
Name of publisher, distributor, etc Scholastic Inc,
Date of publication, distribution, etc 1984.
300 ## - PHYSICAL DESCRIPTION
Extent [30] p. ; ill.
520 ## - SUMMARY, ETC.
Summary, etc The crocodile has a toothache, nut he's afraid of the dentist. And the dentist is afraid of him, too! what will they do?
650 ## - SUBJECT ADDED ENTRY--TOPICAL TERM
Topical term or geographic name as entry element Dentists--Fiction
650 ## - SUBJECT ADDED ENTRY--TOPICAL TERM
Topical term or geographic name as entry element Teeth--Fiction
650 ## - SUBJECT ADDED ENTRY--TOPICAL TERM
Topical term or geographic name as entry element Children stories
Holdings
Withdrawn status Lost status Damaged status Use restrictions Home library Current library Shelving location Date acquired Source of acquisition Cost, normal purchase price Total Checkouts Full call number Barcode Date last seen Price effective from Koha item type
        Elizalde Library Elizalde Library Teachers Reference Section 01/14/2004   199.75   TR(PS E Cr87 1984 E9485 04/12/2014 04/12/2014 Books

Crocodile and the dentist (the) /

APA

Gomi T., . (1984). Crocodile and the dentist (the). New York: Scholastic Inc.

Chicago

Gomi Taro, . 1984. Crocodile and the dentist (the). New York: Scholastic Inc.

Harvard

Gomi T., . (1984). Crocodile and the dentist (the). New York: Scholastic Inc.

MLA

Gomi Taro, . Crocodile and the dentist (the). New York: Scholastic Inc. 1984.

  • Place hold
  • Print
  • Cite
  • Add to your cart (remove)
  • Save record
    BIBTEX Dublin Core MARCXML MARC (non-Unicode/MARC-8) MARC (Unicode/UTF-8) MARC (Unicode/UTF-8, Standard) MODS (XML) RIS
  • More searches
    Search for this title in:
    Other Libraries (WorldCat) Other Databases (Google Scholar) Online Stores (Bookfinder.com) Open Library (openlibrary.org)

Exporting to Dublin Core...

SOUTHVILLE LIBRARY

Southville International School and Colleges Library

1281 Tropical Ave. Cor. Luxembourg St., BF Homes International, Las Pinas City

Tel. No. 8256374 / 252358 Loc. 117/146

Powered by Koha